| 000 | 00939nam a22002535a 4500 | ||
|---|---|---|---|
| 003 | OSt | ||
| 005 | 20170216134147.0 | ||
| 008 | 170216s1991 ua fr 000 0 ara d | ||
| 015 | _a1991 / 1608 | ||
| 020 | _a9770407887 | ||
| 040 |
_aEG-ScBUE _bara _cEG-ScBUE |
||
| 043 | _ae-uk--- | ||
| 082 | 0 | 4 |
_a342.4106 _bب د ر _222 |
| 100 | 1 | _aبدران، محمد محمد. | |
| 245 | 1 | 2 |
_aالحكم المحلي في المملكة المتحدة : _bدراسة تحليلية / _cمحمد محمد بدران. |
| 260 |
_aالقاهرة : _bدار النهضة العربية، _c1991. |
||
| 300 |
_a910 ص. ؛ _c24 سم. |
||
| 504 | _aيشتمل على إرجاعات ببليوجرافية. | ||
| 650 | 7 |
_aالإدارة المحلية _xقوانين وتشريعات _zبريطانيا _2BUEsh |
|
| 650 | 7 |
_aالقانون الإداري _zبريطانيا. _2BUEsh |
|
| 651 | _2BUEsh | ||
| 653 |
_bLLAAWW _cFebruary2017 |
||
| 942 | _2ddc | ||
| 999 |
_c24176 _d24148 |
||